<?xml version="1.0" encoding="UTF-8"?>
<collection xmlns="http://www.loc.gov/MARC21/slim">
 <record>
  <leader>02352pamaa2200253   4500</leader>
  <controlfield tag="001">0000043650</controlfield>
  <controlfield tag="005">20121212090000.0</controlfield>
  <controlfield tag="008">080502                             eng  </controlfield>
  <datafield tag="020" ind1="0" ind2="0">
   <subfield code="a">9780323033701 </subfield>
  </datafield>
  <datafield tag="090" ind1="0" ind2="0">
   <subfield code="a">RD686 </subfield>
   <subfield code="b">GAR 2007</subfield>
  </datafield>
  <datafield tag="245" ind1="1" ind2="0">
   <subfield code="a">Adult reconstruction &amp; arthroplasty : </subfield>
   <subfield code="b">core knowledge in orthopaedics  </subfield>
   <subfield code="c">Jonathan P. Garino, Pedro K. Beredjiklian.</subfield>
  </datafield>
  <datafield tag="260" ind1="0" ind2="0">
   <subfield code="a">Philadelphia: </subfield>
   <subfield code="b">Mosby/Elsevier, </subfield>
   <subfield code="c">2007.</subfield>
  </datafield>
  <datafield tag="300" ind1=" " ind2=" ">
   <subfield code="a">xiii, 346 p.: </subfield>
   <subfield code="b">ill. (some col.); </subfield>
   <subfield code="c">29 cm.</subfield>
  </datafield>
  <datafield tag="440" ind1="0" ind2="0">
   <subfield code="a">Core knowledge in orthopaedics series</subfield>
  </datafield>
  <datafield tag="500" ind1="0" ind2="0">
   <subfield code="a">Total joint replacement. Effects of materials and designs on osteolysis / Ian C. Clarke, Thomas Donaldson, and Christopher Jobe ; Greater expectations and greater loads : implications for biomechanics / Edward Ebramzadeh, Sophia N. Sangiorgio, and Ian C. Clarke -- Joint kinematics and biomechanics of the hip and knee / Craig L. Israelite ... [et al.] -- Joint biology / David Glaser -- Biology of bone graft  / Gregory F. Carolan, Kingsley R. Chin, and Matthew Werger -- Joint anatomy / Mark I. Froimson, Robert Molloy, and Steve Maschke -- Arthritis / Neil P. Sheth and Charles L. Nelson -- Preoperative assessment / William G. Hamilton and Ehsan Tabaraee -- Total hip arthroplasty / Sharat K. Kusuma and Jonathan P. Garino -- Total knee arthroplasty / Javad Parvisi, Peter Sharkey, and James A. Sanfilippo -- Ankle arthroplasty / Sudheer Reddy, David I. Pedowitz, and Enyi Okereke -- Shoulder arthroplasty / Joseph A. Abboud, Charles L. Getz, and Gerald R. Williams, Jr. -- Elbow arthroplasty / Bradford Parsons, Sudheer Reddy, and Matthew L. Ramsey -- Total wrist arthroplasty / David J. Bozentka and Robert B. Carrigan -- Arthroplasty in the joints of the hand / Pedro K. Beredjiklian, Virak Tan, and Sanjiv Naidu -- Limb salvage techniques in lower extremity segmental bone defects / Harish S. Hosalkar, Kristofer J. Jones, and Richard D. Lackman -- Outcomes assessment / Norman A. Johanson and Douglas L. Cerynik -- Particle disease and implant allergy / Nadim J. Hallab and Joshua J. Jacobs</subfield>
  </datafield>
  <datafield tag="501" ind1="0" ind2="0">
   <subfield code="a">SAH</subfield>
  </datafield>
  <datafield tag="504" ind1="0" ind2="0">
   <subfield code="a">Includes bibliographical references and index</subfield>
  </datafield>
  <datafield tag="650" ind1="0" ind2="0">
   <subfield code="a">Surgery, Plastic </subfield>
  </datafield>
  <datafield tag="650" ind1="0" ind2="0">
   <subfield code="a">Arthroplasty </subfield>
  </datafield>
  <datafield tag="650" ind1="0" ind2="0">
   <subfield code="a">Arthroplasty, Replacement </subfield>
  </datafield>
  <datafield tag="650" ind1="0" ind2="0">
   <subfield code="a">Adult </subfield>
  </datafield>
  <datafield tag="700" ind1="1" ind2="1">
   <subfield code="a">Garino, </subfield>
   <subfield code="h">Jonathan P. </subfield>
  </datafield>
  <datafield tag="700" ind1="1" ind2="1">
   <subfield code="a">Beredjiklian, </subfield>
   <subfield code="h">Pedro K. </subfield>
  </datafield>
  <datafield tag="901" ind1=" " ind2=" ">
   <subfield code="u">http://www.elsevierhealth.com</subfield>
  </datafield>
 </record>
</collection>
